000 00236nam a22001217a 4500
003 SGT
082 _a340
_bUNI
100 _aUNILEX
245 _aLAND LAWS IN HARYANA
260 _aDELHI
_bUNILEX
_c2025
300 _a630
942 _2ddc
_cBK
999 _c32355
_d32355